| 000 | 00578nam a22001577a 4500 | ||
|---|---|---|---|
| 003 | SGT | ||
| 020 | _a9788120340800 | ||
| 082 |
_a624.15136 _bKAL |
||
| 100 | _aKALITA, UTSAV CHANDRA | ||
| 245 | _aSOIL MECHANICS AND FOUNDATION ENGINEERING | ||
| 260 |
_aNEW DELHI _bPHI _c2014 |
||
| 300 | _a267 | ||
| 650 | _aCIVIL ENGINEERING | ||
| 653 | _aPERMEABILITY OF SOIL, CONSOLIDATION OF SOIL, COMPACTION OF SOILS, THE SHEAR STRENGTH OF SOILS, DISTRIBUTION OF VERTICAL PRESSURE, LATERAL EARTH PRESSURE, FOUNDATION ENGINEERING,DEEP FOUNDATION, SUBSOIL INVESTIGATION, | ||
| 942 |
_2ddc _cBK |
||
| 999 |
_c8238 _d8238 |
||